[Event "POL-ch Academic"]
[Site "Katowice"]
[Date "2020.11.13"]
[Round "3"]
[White "Materniak, Aleksander"]
[Black "Grabowski, Adam"]
[Result "0-1"]
[WhiteElo "1651"]
[BlackElo "2021"]
[PlyCount "70"]
[EventDate "2020.11.13"]
[EventType "swiss (rapid)"]
[EventRounds "9"]
[EventCountry "POL"]
[SourceTitle "CBM 199 Extra"]
[Source "ChessBase"]
[SourceDate "2021.01.31"]
[SourceVersion "1"]
[SourceVersionDate "2021.01.31"]
[SourceQuality "1"]

1. e4 c6 2. d4 d5 3. Nc3 dxe4 4. Nxe4 Nf6 5. Nxf6+ gxf6 6. Nf3 Bg4 7. Be2 e6 8. Bf4 Nd7 9. Qd2 Nb6 10. 0-0-0 Nd5 11. Bg3 h5 12. Rhe1 Bh6 13. Ng5 Bxg5 14. f4 Bh6 15. c4 Ne7 16. Bh4 Nf5 17. Bf2 Qc7 18. g3 0-0-0 19. Kb1 Kb8 20. Qb4 Bxe2 21. Rxe2 c5 22. Qc3 cxd4 23. Qa3 Bf8 24. Qa4 Qc6 25. Qa5 b6 26. Qa6 Bc5 27. Rd3 Qb7 28. Qb5 a6 29. Qa4 a5 30. a3 Kc7 31. b4 axb4 32. axb4 Ra8 33. Qb3 Qa6 34. bxc5 Qa1+ 35. Kc2 Ra2+ 0-1

[Event "Rewal op-B 18th"]
[Site "Rewal"]
[Date "2013.08.29"]
[Round "9"]
[White "Grabowski, Adam"]
[Black "Zarubitski, Viachaslau"]
[Result "0-1"]
[WhiteElo "2086"]
[BlackElo "1874"]
[PlyCount "78"]
[EventDate "2013.08.20"]
[EventType "swiss"]
[EventRounds "9"]
[EventCountry "POL"]
[SourceTitle "CBM 156 Extra"]
[Source "ChessBase"]
[SourceDate "2013.10.22"]
[SourceVersion "1"]
[SourceVersionDate "2013.10.22"]
[SourceQuality "1"]

1. d4 Nf6 2. Nc3 d5 3. Bg5 Bf5 4. f3 Bg6 5. e3 e6 6. Bd3 Be7 7. Nge2 c5 8. 0-0 0-0 9. Kh1 cxd4 10. exd4 Nc6 11. Bxg6 hxg6 12. Be3 Rc8 13. Bf2 Na5 14. Nc1 Nc4 15. Nd3 Nxb2 16. Nxb2 Rxc3 17. Be1 Rc6 18. Nd3 Qc8 19. Rf2 Bd6 20. Rb1 Qc7 21. g3 Rc8 22. c3 Nd7 23. Rfb2 Nb6 24. f4 Rb8 25. h4 Nc4 26. Rh2 Qe7 27. Qg4 Qf6 28. Qf3 Rb6 29. Rxb6 Nxb6 30. Bd2 Nc4 31. Be1 b5 32. Qd1 Qf5 33. Nf2 b4 34. cxb4 Bxb4 35. Bxb4 Rxb4 36. Nd3 Qe4+ 37. Kg1 Qxd4+ 38. Rf2 Ne3 39. Qd2 Rb1+ 0-1

[Event "Rewal op-B 18th"]
[Site "Rewal"]
[Date "2013.08.28"]
[Round "8"]
[White "Jablonska, Sabina"]
[Black "Grabowski, Adam"]
[Result "0-1"]
[WhiteElo "1957"]
[BlackElo "2086"]
[PlyCount "92"]
[EventDate "2013.08.20"]
[EventType "swiss"]
[EventRounds "9"]
[EventCountry "POL"]
[SourceTitle "CBM 156 Extra"]
[Source "ChessBase"]
[SourceDate "2013.10.22"]
[SourceVersion "1"]
[SourceVersionDate "2013.10.22"]
[SourceQuality "1"]

1. d4 d5 2. Nf3 Nf6 3. e3 Bf5 4. c4 e6 5. Nc3 c6 6. Be2 Nbd7 7. 0-0 Bd6 8. b3 Ne4 9. Bb2 Ndf6 10. Ne5 Nxc3 11. Bxc3 Ne4 12. Bb2 f6 13. f3 Ng5 14. Nd3 0-0 15. Qe1 Qc7 16. f4 Ne4 17. c5 Be7 18. g4 Bg6 19. f5 Bf7 20. Nf2 Nxf2 21. Qxf2 b6 22. b4 a5 23. a3 Rfe8 24. Bd3 bxc5 25. bxc5 e5 26. Bc3 e4 27. Bc2 Reb8 28. Rfb1 Bd8 29. Qe1 h5 30. h3 Ra7 31. Rxb8 Qxb8 32. Rb1 Qc8 33. Qg3 Bc7 34. Qg2 Rb7 35. Rf1 Bd8 36. Kh1 Be8 37. Qd2 Qa8 38. Rb1 Rxb1+ 39. Bxb1 Qb8 40. Qe1 Qb3 41. Qc1 Bc7 42. Kg2 Bd7 43. Kf2 Bc8 44. Qb2 Qd1 45. Ba2 Qf3+ 46. Kg1 Qxe3+ 0-1

[Event "POL-chT U19 1st League"]
[Site "Suchedniow"]
[Date "2012.07.??"]
[Round "3"]
[White "Grabowski, Adam"]
[Black "Mucha, Piotr"]
[Result "1/2-1/2"]
[WhiteElo "1989"]
[BlackElo "1952"]
[PlyCount "105"]
[EventDate "2012.07.21"]
[EventType "team-swiss"]
[EventRounds "9"]
[EventCountry "POL"]
[SourceTitle "EXT 2014"]
[Source "ChessBase"]
[SourceDate "2013.11.20"]
[SourceVersion "1"]
[SourceVersionDate "2013.11.20"]
[SourceQuality "1"]
[WhiteTeam "Suwalki Hancza U19"]
[BlackTeam "Katowice Hetman Szopienice U19"]
[WhiteTeamCountry "POL"]
[BlackTeamCountry "POL"]

1. e4 c5 2. Nf3 d6 3. d4 cxd4 4. Nxd4 Nf6 5. Nc3 a6 6. Bc4 e6 7. 0-0 b5 8. Bb3 Be7 9. Qf3 Bb7 10. Re1 0-0 11. Qg3 Nc6 12. Bh6 Ne8 13. Nxc6 Bxc6 14. Rad1 b4 15. Nb1 Qc7 16. Bg5 Bxg5 17. Qxg5 Nf6 18. Qf4 a5 19. c3 e5 20. Qh4 a4 21. Bc2 Bd7 22. Rd3 a3 23. b3 Be6 24. c4 Qe7 25. Nd2 Rad8 26. Nf1 Nd5 27. Qxe7 Nxe7 28. Red1 Nc6 29. Rxd6 Nd4 30. Rxd8 Rxd8 31. Ne3 Kf8 32. Kf1 Ke7 33. Bb1 Kd6 34. Nc2 Kc5 35. Ne1 Rb8 36. Nd3+ Kd6 37. Nxe5 Kxe5 38. f4+ Kxf4 39. Rxd4 Ke5 40. Rd2 Rc8 41. Ke2 g5 42. Ke3 f6 43. Rd4 h5 44. Bd3 Ra8 45. Be2 h4 46. h3 Rc8 47. Bg4 Bxg4 48. hxg4 h3 49. gxh3 Rh8 50. Rd5+ Ke6 51. c5 Rxh3+ 52. Kd4 Rh2 53. Rd6+ 1/2-1/2

[Event "POL-chT U19 1st League"]
[Site "Suchedniow"]
[Date "2012.07.??"]
[Round "4"]
[White "Tomsia, Kamil"]
[Black "Grabowski, Adam"]
[Result "1-0"]
[WhiteElo "2096"]
[BlackElo "1989"]
[PlyCount "127"]
[EventDate "2012.07.21"]
[EventType "team-swiss"]
[EventRounds "9"]
[EventCountry "POL"]
[SourceTitle "EXT 2014"]
[Source "ChessBase"]
[SourceDate "2013.11.20"]
[SourceVersion "1"]
[SourceVersionDate "2013.11.20"]
[SourceQuality "1"]
[WhiteTeam "Trzebinia UKS Hetman Koronny U19"]
[BlackTeam "Suwalki Hancza U19"]
[WhiteTeamCountry "POL"]
[BlackTeamCountry "POL"]

1. Nf3 d5 2. c4 e6 3. d4 Be7 4. Nc3 Nf6 5. Bg5 c6 6. e3 Nbd7 7. Bd3 dxc4 8. Bxc4 0-0 9. 0-0 Nd5 10. Bxe7 Qxe7 11. Qc2 Nxc3 12. bxc3 b6 13. Bd3 g6 14. a4 c5 15. a5 Bb7 16. e4 Rfc8 17. Qd2 cxd4 18. cxd4 b5 19. e5 a6 20. Ng5 Rc7 21. Be4 Bd5 22. f4 h6 23. Bxd5 exd5 24. Nf3 Qe6 25. f5 Qxf5 26. Qxh6 Nf8 27. Ng5 Qg4 28. Ra2 Qxd4+ 29. Raf2 Re8 30. e6 Rxe6 31. Nxe6 Nxe6 32. Kh1 Qg7 33. Qd2 Qe5 34. h3 Ng7 35. Re2 Qd6 36. Rd1 Rd7 37. Qd4 Ne6 38. Qf6 d4 39. Re4 Qc7 40. Rxe6 fxe6 41. Qxg6+ Rg7 42. Qxe6+ Kh7 43. Qe4+ Kg8 44. Qe8+ Kh7 45. Qh5+ Kg8 46. Qd5+ Kh7 47. Rxd4 Qc1+ 48. Rd1 Qc7 49. Qh5+ Kg8 50. Qe8+ Kh7 51. Qe4+ Kg8 52. Qe6+ Kh7 53. Qe4+ Kg8 54. Qe8+ Kh7 55. Qh5+ Kg8 56. Re1 Rf7 57. Qg6+ Kf8 58. Qh6+ Rg7 59. Qh8+ Kf7 60. Qe8+ Kf6 61. Qe6+ Kg5 62. Re5+ Kh4 63. Qf6+ Kg3 64. Re3# 1-0

[Event "Warsaw Najdorf Memorial op-B"]
[Site "Warsaw"]
[Date "2011.07.19"]
[Round "6"]
[White "Grabowski, Adam"]
[Black "Wozniak, Mariola"]
[Result "1-0"]
[WhiteElo "1961"]
[BlackElo "1812"]
[PlyCount "67"]
[EventDate "2011.07.14"]
[EventType "swiss"]
[EventRounds "9"]
[EventCountry "POL"]
[SourceTitle "EXT 2012"]
[Source "ChessBase"]
[SourceDate "2011.11.24"]
[SourceVersion "1"]
[SourceVersionDate "2011.11.24"]
[SourceQuality "1"]

1. d4 Nf6 2. c4 g6 3. Nc3 Bg7 4. Nf3 0-0 5. Bg5 h6 6. Bh4 d6 7. e3 Nbd7 8. Be2 c5 9. 0-0 a6 10. Rb1 b5 11. cxb5 axb5 12. Bxb5 Bb7 13. a4 Nb6 14. b4 Ne4 15. Nxe4 Bxe4 16. dxc5 Nxa4 17. Bxa4 Bxb1 18. Qxb1 Rxa4 19. Qb3 Qa8 20. Bxe7 Rb8 21. cxd6 Rbxb4 22. Qd3 Rg4 23. e4 Bf8 24. Bxf8 Qxf8 25. d7 Ra8 26. Rd1 Rd8 27. Ne5 Rf4 28. Qd5 Qb4 29. Nc6 Qb2 30. f3 Qb6+ 31. Kh1 Rf6 32. Nxd8 Qxd8 33. Qb7 Rb6 34. Qxb6 1-0

[Event "Warsaw Najdorf Memorial op-B"]
[Site "Warsaw"]
[Date "2011.07.16"]
[Round "3"]
[White "Kwiek, Janusz"]
[Black "Grabowski, Adam"]
[Result "0-1"]
[WhiteElo "1778"]
[BlackElo "1961"]
[PlyCount "176"]
[EventDate "2011.07.14"]
[EventType "swiss"]
[EventRounds "9"]
[EventCountry "POL"]
[SourceTitle "EXT 2012"]
[Source "ChessBase"]
[SourceDate "2011.11.24"]
[SourceVersion "1"]
[SourceVersionDate "2011.11.24"]
[SourceQuality "1"]

1. Nf3 Nf6 2. d4 c5 3. d5 d6 4. Nc3 g6 5. e4 Bg7 6. Bb5+ Bd7 7. Qd3 0-0 8. Bxd7 Nbxd7 9. 0-0 Ng4 10. Bf4 Rc8 11. h3 Nge5 12. Nxe5 Nxe5 13. Qb5 Qc7 14. Rab1 a6 15. Qe2 b5 16. Nd1 Qa5 17. a3 b4 18. Bd2 Qa4 19. axb4 Qxc2 20. Ne3 Qxe4 21. bxc5 Rxc5 22. Qxa6 Qd3 23. Qxd3 Nxd3 24. b4 Rb5 25. Rb3 Nf4 26. Re1 Nxd5 27. Nxd5 Rxd5 28. Be3 Rb8 29. Rc1 Rdb5 30. Rc7 Bf6 31. Bd2 Kg7 32. g3 Ra8 33. Bc3 Bxc3 34. Rbxc3 Kf6 35. Rf3+ Ke6 36. Re3+ Re5 37. Rb3 Ra6 38. Rb7 d5 39. b5 Rd6 40. b6 d4 41. Rc7 d3 42. b7 d2 43. b8Q d1Q+ 44. Kg2 Qd5+ 45. Rf3 Rf5 46. Rcc3 Rxf3 47. Rxf3 Kd7 48. Qa7+ Ke8 49. Qb8+ Rd8 50. Qb2 f6 51. Qc1 Kf7 52. Qh6 Kg8 53. h4 Rb8 54. Qe3 e5 55. Kh2 Kg7 56. Qa3 Rb7 57. Rd3 Qf7 58. Qd6 Rb2 59. Rd2 Rxd2 60. Qxd2 f5 61. Qd6 Qf6 62. Qc7+ Kh6 63. Qc1+ f4 64. Qc5 Kh5 65. Kg2 Qf5 66. Qd5 e4 67. Qd1+ f3+ 68. Kh2 g5 69. hxg5 Kxg5 70. Qd8+ Kg6 71. Qd6+ Kh5 72. Qe7 Kh6 73. Qd6+ Qg6 74. Qf4+ Kg7 75. Qe5+ Kf7 76. Qf4+ Ke6 77. Qh4 Kd5 78. Qd8+ Kc4 79. Qc7+ Kd3 80. Qd8+ Ke2 81. Qd4 Qh6+ 82. Kg1 Qc1+ 83. Kh2 e3 84. fxe3 Ke1 85. Qf4 Qd2+ 86. Kh3 f2 87. Kg4 f1Q 88. Qa4 Qd1+ 0-1

[Event "Warsaw Najdorf Memorial op-B"]
[Site "Warsaw"]
[Date "2011.07.14"]
[Round "1"]
[White "Gierech, Pawel"]
[Black "Grabowski, Adam"]
[Result "0-1"]
[WhiteElo "1628"]
[BlackElo "1961"]
[PlyCount "66"]
[EventDate "2011.07.14"]
[EventType "swiss"]
[EventRounds "9"]
[EventCountry "POL"]
[SourceTitle "EXT 2012"]
[Source "ChessBase"]
[SourceDate "2011.11.24"]
[SourceVersion "1"]
[SourceVersionDate "2011.11.24"]
[SourceQuality "1"]

1. c4 e5 2. a3 Nf6 3. Nc3 a5 4. d3 Nc6 5. Nf3 Bc5 6. Nxe5 Bxf2+ 7. Kxf2 Nxe5 8. h3 d5 9. g4 dxc4 10. Bf4 Ng6 11. Qa4+ c6 12. Qxc4 Be6 13. Qc5 Nxf4 14. Rd1 Qe7 15. Qd4 N4d5 16. Na4 0-0 17. Bg2 b5 18. Nc5 Nd7 19. Nxd7 Qxd7 20. Rc1 Rfc8 21. Rc5 Ne7 22. Qc3 Qd6 23. Rc1 Qf4+ 24. Bf3 b4 25. Qc2 b3 26. Qc3 Nd5 27. Qxb3 Rab8 28. Qc2 Qh2+ 29. Ke1 Ne3 30. Qb1 Bd5 31. Bxd5 Nxd5 32. Qa2 Re8 33. R1c2 Nf4 0-1

[Event "POL-ch U18"]
[Site "Murzasichle"]
[Date "2011.03.10"]
[Round "7"]
[White "Grabowski, Adam"]
[Black "Reza, Wojciech"]
[Result "0-1"]
[WhiteElo "1940"]
[BlackElo "2043"]
[PlyCount "104"]
[EventDate "2011.03.05"]
[EventType "swiss"]
[EventRounds "9"]
[EventCountry "POL"]
[SourceTitle "EXT 2012"]
[Source "ChessBase"]
[SourceDate "2011.11.24"]
[SourceVersion "1"]
[SourceVersionDate "2011.11.24"]
[SourceQuality "1"]

1. e4 c5 2. Nf3 d6 3. d4 cxd4 4. Nxd4 Nf6 5. Nc3 a6 6. Bc4 b5 7. Bb3 e6 8. Bg5 Be7 9. 0-0 b4 10. Na4 Bd7 11. c3 Qa5 12. Be3 Nxe4 13. cxb4 Qxb4 14. Nc2 Qb7 15. Nb6 0-0 16. Nxa8 Qxa8 17. f3 Nf6 18. Rc1 Nc6 19. Nd4 Nb4 20. a3 Nbd5 21. Bf2 Rb8 22. Re1 a5 23. Qc2 a4 24. Ba2 Qb7 25. Re2 Rc8 26. Qd1 e5 27. Bxd5 Nxd5 28. Rxc8+ Bxc8 29. Nc2 Be6 30. Re4 Qb3 31. Ne3 Nxe3 32. Qxb3 Bxb3 33. Bxe3 f6 34. Rb4 d5 35. Rb7 Kf8 36. Kf2 f5 37. Bd2 Bf6 38. Bb4+ Ke8 39. Bd6 e4 40. fxe4 fxe4 41. Ke3 Bxb2 42. Kf4 Bc1+ 43. Kg3 e3 44. Bc5 Bc2 45. Rxg7 Be4 46. Ra7 Bd2 47. Rxa4 e2 48. Rxe4+ dxe4 49. Bf2 e3 50. Be1 Bxe1+ 51. Kf3 Ba5 52. Kxe2 Bb6 0-1

[Event "POL-ch U18"]
[Site "Murzasichle"]
[Date "2011.03.07"]
[Round "4"]
[White "Grabowski, Adam"]
[Black "Sadzikowski, Daniel"]
[Result "0-1"]
[WhiteElo "1940"]
[BlackElo "2366"]
[PlyCount "88"]
[EventDate "2011.03.05"]
[EventType "swiss"]
[EventRounds "9"]
[EventCountry "POL"]
[SourceTitle "EXT 2012"]
[Source "ChessBase"]
[SourceDate "2011.11.24"]
[SourceVersion "1"]
[SourceVersionDate "2011.11.24"]
[SourceQuality "1"]

1. d4 Nf6 2. Nf3 e6 3. c4 Bb4+ 4. Bd2 c5 5. e3 b6 6. Be2 Bb7 7. 0-0 0-0 8. a3 Bxd2 9. Nfxd2 cxd4 10. exd4 d5 11. Nc3 Nc6 12. Nf3 dxc4 13. Bxc4 Qd6 14. Qd3 Rfd8 15. Rfd1 Rac8 16. Ba6 Qb8 17. Bxb7 Qxb7 18. Ne4 Nxe4 19. Qxe4 Rd5 20. Rd2 Rcd8 21. Rad1 h6 22. h3 Qd7 23. Qf4 a5 24. Kf1 a4 25. Ke1 f6 26. Kf1 b5 27. Qg4 Na5 28. Re2 e5 29. Qg6 Nb3 30. Rde1 Nxd4 31. Nxd4 Rxd4 32. Qc2 Rc8 33. Qg6 Rd8 34. Qc2 Rc4 35. Qg6 Qd3 36. Qxd3 Rxd3 37. g3 g5 38. Kg2 h5 39. Kh2 Kf7 40. Kg2 Ke6 41. f3 Kd5 42. Kf2 b4 43. axb4 Rxb4 44. Rc2 Rbb3 0-1

[Event "POL-ch qual U17"]
[Site "Lublin"]
[Date "2010.09.25"]
[Round "7.3"]
[White "Bartoszek, Marcin"]
[Black "Grabowski, Adam"]
[Result "1-0"]
[WhiteElo "1801"]
[BlackElo "1987"]
[PlyCount "87"]
[EventDate "2010.09.22"]
[EventType "tourn"]
[EventRounds "10"]
[EventCountry "POL"]
[SourceTitle "EXT 2023"]
[Source "ChessBase"]
[SourceDate "2022.10.05"]
[SourceVersion "1"]
[SourceVersionDate "2022.10.05"]
[SourceQuality "1"]

1. e4 e5 2. Nf3 Nc6 3. d4 exd4 4. Nxd4 Bc5 5. Be3 Qf6 6. c3 Nge7 7. Bc4 0-0 8. 0-0 Bxd4 9. cxd4 d5 10. exd5 Na5 11. Bd3 b6 12. Qc2 h6 13. b4 Nb7 14. Nc3 Nd6 15. Ne4 Nxe4 16. Bxe4 Bb7 17. Qxc7 Bxd5 18. Bd3 Nc6 19. a3 Rac8 20. Qf4 Qxf4 21. Bxf4 Nxd4 22. Rac1 Nb3 23. Rc7 Rxc7 24. Bxc7 Rc8 25. Re1 Be6 26. Be5 Nc1 27. Ba6 Rc2 28. Bb8 Rc3 29. a4 Na2 30. b5 Bb3 31. a5 bxa5 32. Bxa7 Nb4 33. Bb7 Rc7 34. Re8+ Kh7 35. Be4+ f5 36. Bxf5+ g6 37. Rc8 Rxa7 38. b6 Re7 39. Rc7 gxf5 40. Rxe7+ Kg6 41. b7 Nc6 42. Rc7 Nb8 43. Rc8 Na6 44. Rc6+ 1-0

[Event "Rewal op-B 15th"]
[Site "Rewal"]
[Date "2010.08.27"]
[Round "9"]
[White "Grabowski, Adam"]
[Black "Korcz, Daniel"]
[Result "1/2-1/2"]
[WhiteElo "1987"]
[BlackElo "1848"]
[PlyCount "152"]
[EventDate "2010.08.18"]
[EventType "swiss"]
[EventRounds "9"]
[EventCountry "POL"]
[SourceTitle "EXT 2014"]
[Source "ChessBase"]
[SourceDate "2013.11.20"]
[SourceVersion "1"]
[SourceVersionDate "2013.11.20"]
[SourceQuality "1"]

1. e4 e5 2. Nf3 Nc6 3. Bb5 a6 4. Ba4 Nf6 5. 0-0 b5 6. Bb3 Bc5 7. c3 d6 8. d4 Bb6 9. Re1 Bb7 10. Bg5 h6 11. Be3 Ng4 12. Bc1 0-0 13. h3 Nf6 14. a4 Re8 15. Bc2 exd4 16. cxd4 Nb4 17. d5 Nxc2 18. Qxc2 bxa4 19. Rxa4 Nd7 20. Na3 Nc5 21. Rc4 a5 22. b3 Ba6 23. Rc3 Qf6 24. Bb2 Qg6 25. Nh4 Qh5 26. Nf5 Qxf5 27. exf5 Rxe1+ 28. Kh2 Re2 29. Qc1 Ne4 30. Rc2 Bxf2 31. Rxe2 Bxe2 32. Nc2 Bg3+ 33. Kh1 Nf2+ 34. Kg1 Nd3 35. Qd2 Re8 36. Bd4 Nf4 37. Be3 Re4 38. Bf2 Bxf2+ 39. Kxf2 Nd3+ 40. Kg1 Nc5 41. Qxa5 Nxb3 42. Qxc7 Bc4 43. Ne3 Nd2 44. Nxc4 Nxc4 45. Qd8+ Kh7 46. Qf8 f6 47. Qc8 Ne3 48. Qa6 Nxd5 49. Qxd6 Ne3 50. Qd3 Re5 51. g4 Nd5 52. Kg2 Nf4+ 53. Kf3 Nd5 54. h4 Ne7 55. Qd4 Kh8 56. Kg3 Kg8 57. Kf3 Kh8 58. Qd8+ Kh7 59. Kg3 Re3+ 60. Kf2 Re5 61. Kg2 Re2+ 62. Kf3 Re5 63. Qb8 Ng8 64. Kg3 Ne7 65. Kf3 Ng8 66. Qb1 Ne7 67. g5 Rxf5+ 68. Kg4 fxg5 69. hxg5 g6 70. gxh6 Kxh6 71. Qc1+ Kh7 72. Qc7 Rf7 73. Kg5 Rf5+ 74. Kh4 Rf7 75. Qd7 Kg7 76. Qd4+ Kh7 1/2-1/2

[Event "Rewal op-B 15th"]
[Site "Rewal"]
[Date "2010.08.24"]
[Round "5"]
[White "Grabowski, Adam"]
[Black "Choroszej, Aleksander"]
[Result "1/2-1/2"]
[WhiteElo "1987"]
[BlackElo "2122"]
[PlyCount "91"]
[EventDate "2010.08.18"]
[EventType "swiss"]
[EventRounds "9"]
[EventCountry "POL"]
[SourceTitle "EXT 2014"]
[Source "ChessBase"]
[SourceDate "2013.11.20"]
[SourceVersion "1"]
[SourceVersionDate "2013.11.20"]
[SourceQuality "1"]

1. e4 g6 2. d4 Bg7 3. Nf3 d6 4. Nc3 Nf6 5. Be2 0-0 6. h3 a6 7. a4 b6 8. 0-0 Bb7 9. Bd3 c5 10. Re1 Nc6 11. dxc5 dxc5 12. e5 Nd5 13. Bd2 Nxc3 14. Bxc3 Nd4 15. Be4 Bxe4 16. Rxe4 Qd5 17. Re3 Rad8 18. Bxd4 cxd4 19. Rb3 Bxe5 20. Qe2 Bd6 21. Rxb6 e5 22. Nd2 Rc8 23. Ne4 Be7 24. Rxa6 f5 25. Ng3 e4 26. Rd1 Bf6 27. c3 d3 28. Qe3 Qe5 29. f4 Qb8 30. Rd2 Be7 31. Nxe4 fxe4 32. Qxe4 Bc5+ 33. Kh1 Qxf4 34. Qxf4 Rxf4 35. Rxd3 Bf8 36. Kh2 Rf2 37. Rb6 Re8 38. b4 Ree2 39. Kg3 Rxg2+ 40. Kf3 Rgf2+ 41. Kg3 Be7 42. a5 Kg7 43. Rd7 Kf7 44. Rbb7 Rf6 45. b5 h5 46. h4 1/2-1/2

[Event "Rewal op-B 15th"]
[Site "Rewal"]
[Date "2010.08.23"]
[Round "4"]
[White "Kaczmarek, Aleksander"]
[Black "Grabowski, Adam"]
[Result "1-0"]
[WhiteElo "1992"]
[BlackElo "1987"]
[PlyCount "141"]
[EventDate "2010.08.18"]
[EventType "swiss"]
[EventRounds "9"]
[EventCountry "POL"]
[SourceTitle "EXT 2014"]
[Source "ChessBase"]
[SourceDate "2013.11.20"]
[SourceVersion "1"]
[SourceVersionDate "2013.11.20"]
[SourceQuality "1"]

1. e4 e5 2. Nf3 Nc6 3. Nc3 Nf6 4. a3 Bc5 5. Nxe5 Bxf2+ 6. Kxf2 Nxe5 7. d4 Neg4+ 8. Kg1 d5 9. e5 Ng8 10. h3 N4h6 11. Qf3 Be6 12. Bd3 Qh4 13. Be3 0-0-0 14. Na4 g6 15. Nc5 Bf5 16. Rc1 Bxd3 17. Bf2 Qg5 18. Nxd3 Nf5 19. h4 Qe7 20. Nc5 Qe8 21. Kh2 Nge7 22. Rhe1 Nc6 23. Rcd1 b6 24. Na6 Kb7 25. Qe2 Nb8 26. Nb4 a5 27. Nd3 Nc6 28. Nf4 Qe7 29. Qg4 h5 30. Qg5 Nh6 31. c4 Qxg5 32. hxg5 Ng4+ 33. Kg1 dxc4 34. e6 fxe6 35. Nxe6 Rd7 36. d5 Nce5 37. Bd4 Rxd5 38. Nf4 Rxd4 39. Rxd4 Rf8 40. Rde4 Rf5 41. Ne6 h4 42. Rf1 Rxf1+ 43. Kxf1 Kc6 44. Nf4 b5 45. Ke2 Kd6 46. Nxg6 Nxg6 47. Rxg4 Ke5 48. Ke3 a4 49. Rd4 c5 50. Rd8 b4 51. axb4 cxb4 52. Ra8 c3 53. bxc3 bxc3 54. Ra5+ Ke6 55. Ke4 Ne7 56. Rxa4 Kf7 57. Kd3 Nf5 58. Ra6 c2 59. Kxc2 Ne3+ 60. Kd3 Nxg2 61. Ke4 h3 62. Rh6 Ne1 63. Rxh3 Nc2 64. Rc3 Nb4 65. Rc4 Na6 66. Kf5 Kg7 67. Rc6 Nb4 68. Rc7+ Kf8 69. Kg6 Nd5 70. Rc8+ Ke7 71. Kh7 1-0

[Event "POL-ch U16"]
[Site "Karpacz"]
[Date "2010.03.12"]
[Round "9"]
[White "Bednarczyk, Damian"]
[Black "Grabowski, Adam"]
[Result "1-0"]
[WhiteElo "2032"]
[BlackElo "1926"]
[PlyCount "59"]
[EventDate "2010.03.06"]
[EventType "swiss"]
[EventRounds "11"]
[EventCountry "POL"]
[SourceTitle "CBM 135 Extra"]
[Source "ChessBase"]
[SourceDate "2010.05.04"]
[SourceVersion "1"]
[SourceVersionDate "2010.05.04"]
[SourceQuality "1"]

1. d4 Nf6 2. c4 c5 3. d5 b5 4. cxb5 a6 5. b6 d6 6. Nc3 Nbd7 7. e4 g6 8. a4 Qxb6 9. Nf3 Bg7 10. Be2 0-0 11. Nd2 Qa7 12. Nc4 Nb6 13. 0-0 Nxc4 14. Bxc4 Rb8 15. Qe2 Rb4 16. a5 Ng4 17. Ba2 Bd4 18. h3 Ne5 19. Kh1 f5 20. f4 Nf7 21. exf5 Bxf5 22. Bc4 Bc8 23. Na4 Bd7 24. Nb6 Bb5 25. Bxb5 axb5 26. Qe6 Qc7 27. f5 Kg7 28. Nd7 Rd8 29. fxg6 Nh8 30. Rf7+ 1-0

[Event "POL-ch U16"]
[Site "Karpacz"]
[Date "2010.03.11"]
[Round "8"]
[White "Grabowski, Adam"]
[Black "Jaskolka, Tomasz"]
[Result "1-0"]
[WhiteElo "1926"]
[BlackElo "1871"]
[PlyCount "47"]
[EventDate "2010.03.06"]
[EventType "swiss"]
[EventRounds "11"]
[EventCountry "POL"]
[SourceTitle "CBM 135 Extra"]
[Source "ChessBase"]
[SourceDate "2010.05.04"]
[SourceVersion "1"]
[SourceVersionDate "2010.05.04"]
[SourceQuality "1"]

1. e4 c5 2. Nf3 Nc6 3. d4 cxd4 4. Nxd4 g6 5. Nc3 Bg7 6. Be3 Nf6 7. Bc4 0-0 8. 0-0 Ng4 9. Qxg4 Nxd4 10. Qd1 Nc6 11. f4 Qa5 12. Qd3 d6 13. h3 b6 14. Nd5 Be6 15. c3 Bxd5 16. exd5 Nb8 17. a4 b5 18. axb5 Qd8 19. b6 Nd7 20. bxa7 Qc7 21. Bb5 Nc5 22. Qc4 e6 23. dxe6 fxe6 24. b4 1-0